Representacin̤ y representatividad colectiva en las relaciones laborales

Detalles Bibliográficos
Autor principal: Nogueira Guastavino, Magdalena
Formato: eBook
Lenguaje:español
Publicado: Albacete: Editorial Bomarzo, 2017
Materias:
Acceso en línea:Acceso restringido

MARC

LEADER 00000nam a22000007a 4500
005 20190328120116.0
007 cr|||| ||||
008 190328s2017 es |||||s|||| 00||0 spa d
020 |a 978-84-16608-79-9 
035 |a 23172 
040 |a vLex 
090 |c 8514  |d 8514 
100 1 |a Nogueira Guastavino, Magdalena 
245 1 0 |a Representacin̤ y representatividad colectiva en las relaciones laborales  |h [Recurso electrn̤ico] /  |c Magdalena Nogueira Guastavino 
256 |a Servicio en ln̕ea 
260 |a Albacete:  |b Editorial Bomarzo,  |c 2017 
300 |a 1 recurso electrn̤ico 
506 1 |a Disponible solo en los productos indicados  |d vLex Global  |d vLex Global (Academic Edition, excluding Law Schools)  |d vLex Global (U.S. Academic Edition, Law Schools)  |d vLex Global (U.S. Academic Edition, excluding Law Schools)  |d vLex Global (Academic Edition, Law Schools) 
650 0 4 |a Derecho Laboral y Seguridad Social  |z Espaą 
740 0 |a vLex Libros (Servicio en ln̕ea) 
856 4 0 |u http://vlex.com/source/representacion-y-representatividad-colectiva-en-las-relaciones-laborales-23172  |z Acceso restringido 
942 |c BOOK 
999 0 |a Labor Law and Social Security